| 000 | 00596nam a22002171 4500 | ||
|---|---|---|---|
| 001 | bimo0001428108 | ||
| 003 | OSt | ||
| 005 | 20140829213004.0 | ||
| 008 | 970922s1965 sp spa | ||
| 035 | _a(OCoLC)433286012 | ||
| 040 |
_aSpMaBN _cBMC |
||
| 082 | _a823.8 | ||
| 100 |
_9386 _aScott, Walter _cSir _d1771-1832 |
||
| 245 | 1 | 3 |
_aEl anticuario _cWalter Scott ; [traducción del inglés por Antonio Dorta] |
| 250 | _a3ª ed | ||
| 260 | 0 |
_aMadrid _bEspasa-Calpe _c1965 |
|
| 300 |
_a322 p. _c18 cm |
||
| 490 | 0 |
_aAustral _v877 |
|
| 700 |
_9390 _aDorta, Antonio _d1906-1983 |
||
| 942 |
_2ddc _cBK |
||
| 999 |
_c324 _d324 |
||